Stati con gli Edifici più alti - Asia - Statistics

Statistiche generali
  • Questo quiz è stato fatto 13 volte
  • Il punteggio medio è 9 su 10
Statistiche sulle risposte
Edificio Altezza (m) Città % Corretto
Guangzhou CTF Finance Centre 530 Cina
100%
Shanghai Tower 632 Cina
100%
Mecca Royal Hotel Clock Tower 599 Cina
100%
Tianjin CTF Finance Centre 530 Cina
100%
China Zun 528 Cina
100%
Burj Khalifa 828 Emirati Arabi Uniti
100%
Mecca Royal Hotel Clock Tower 601 Arabia Saudita
92%
Taipei 101 208 Taiwan
92%
Lotte World Tower 555 Corea del Sud
58%
Merdeka 118 678,9 Malaysia
58%
Nessun quiz corrispondente trovato
Distribuzione punteggi
Percentuale di utenti per punteggio
Percentile per numero di risposta
I tuoi punteggi nel tempo
Non hai fatto questo quiz